Cornerstone (Record no. 118848)

MARC details
000 -LEADER
fixed length control field 00638cas a22002055a 4500
001 - CONTROL NUMBER
control field ##L131353
008 - FIXED-LENGTH DATA ELEMENTS--GENERAL INFORMATION
fixed length control field 051024c2004 xxkqr p 0 a0eng u
022 1# - INTERNATIONAL STANDARD SERIAL NUMBER
International Standard Serial Number 0969-4250
035 ## - SYSTEM CONTROL NUMBER
System control number (Sirsi) u131353
041 0# - LANGUAGE CODE
Language code of text/sound track or separate title eng
110 2# - MAIN ENTRY--CORPORATE NAME
Corporate name or jurisdiction name as entry element Society for the Protection of Ancient Buildings
9 (RLIN) 2085
245 00 - TITLE STATEMENT
Title Cornerstone
Remainder of title The Magazine of the Society for the Protection of Ancient Buildings
260 ## - PUBLICATION, DISTRIBUTION, ETC.
Place of publication, distribution, etc. London
Name of publisher, distributor, etc. SPAB
Date of publication, distribution, etc. 2004-
362 ## - DATES OF PUBLICATION AND/OR SEQUENTIAL DESIGNATION
Dates of publication and/or sequential designation 26(4) 2005-
554 ## -
-- Four per year
651 #4 - SUBJECT ADDED ENTRY--GEOGRAPHIC NAME
Geographic name United Kingdom
Chronological subdivision
690 ## - LOCAL SUBJECT ADDED ENTRY--TOPICAL TERM (OCLC, RLIN)
Topical term or geographic name as entry element BUILT ENVIRONMENT-BUILDING TYPES-HISTORIC BUILDINGS AND ANCIENT MONUMENTS
780 00 - PRECEDING ENTRY
Title SPAB News
942 ## - ADDED ENTRY ELEMENTS (KOHA)
Suppress in OPAC 0
Holdings
Withdrawn status Lost status Source of classification or shelving scheme Damaged status Not for loan Home library Current library Shelving location Date acquired Total Checkouts Full call number Barcode Date last seen Price effective from Koha item type
    Dewey Decimal Classification     London London Gallery 03/04/2006   CORNERSTONE 131353-1001 06/08/2019 06/08/2019 Journal